Advanced radar techniques and systems (Record no. 68565)

000 -LEADER
fixed length control field 00436nam a22001697a 4500
003 - CONTROL NUMBER IDENTIFIER
control field NUST - PNEC
005 - DATE AND TIME OF LATEST TRANSACTION
control field 20170116181056.0
008 - FIXED-LENGTH DATA ELEMENTS--GENERAL INFORMATION
fixed length control field 151001b xxu||||| |||| 00| 0 eng d
020 ## - INTERNATIONAL STANDARD BOOK NUMBER
International Standard Book Number 086341172x
040 ## - CATALOGING SOURCE
Transcribing agency LIBRARY
082 ## - DEWEY DECIMAL CLASSIFICATION NUMBER
Classification number 621.3848 GAL
100 ## - MAIN ENTRY--PERSONAL NAME
9 (RLIN) 12083
Personal name Galati, Gaspare
245 ## - TITLE STATEMENT
Title Advanced radar techniques and systems
Statement of responsibility, etc. Gaspare,Galati
260 ## - PUBLICATION, DISTRIBUTION, ETC.
Date of publication, distribution, etc. c 1993
650 ## - SUBJECT ADDED ENTRY--TOPICAL TERM
9 (RLIN) 12084
Topical term or geographic name entry element Radar
General subdivision MIS/MS COM
942 ## - ADDED ENTRY ELEMENTS (KOHA)
Source of classification or shelving scheme
Koha item type Book
Holdings
Withdrawn status Lost status Source of classification or shelving scheme Damaged status Not for loan Permanent Location Current Location Shelving location Date acquired Total Checkouts Full call number Barcode Date last seen Price effective from Koha item type
          Pakistan Navy Engineering College (PNEC) Pakistan Navy Engineering College (PNEC)   10/01/2015   621.3848 GAL PNECLIB-022032 10/01/2015   Book
          Pakistan Navy Engineering College (PNEC) Pakistan Navy Engineering College (PNEC)   10/06/2015   621.3848 GAL PNECLIB-022031 10/06/2015   Book
© 2023 Central Library, National University of Sciences and Technology. All Rights Reserved.